Statistics for Countries Where Dual-Citizenship is Legal

Click here to take the quiz!

General Stats

  • This quiz has been taken 106 times
  • The average score is 36 of 57

Answer Stats

HintAnswer% Correct
United Kingdom
97%
United States
96%
Italy
93%
Australia
91%
Canada
91%
France
91%
Spain
90%
Sweden
90%
Brazil
88%
Germany
88%
Austria
87%
Denmark
87%
Portugal
87%
Finland
84%
Greece
84%
Russia
84%
Mexico
82%
New Zealand
82%
Ireland
81%
Chile
79%
Poland
79%
Switzerland
75%
Belgium
73%
Iceland
73%
Israel
73%
Turkey
70%
Colombia
67%
Egypt
67%
Peru
66%
Hungary
61%
Iran
61%
Iraq
61%
Latvia
60%
Lithuania
58%
Romania
58%
Serbia
54%
Malta
51%
Thailand
51%
Belize
49%
Ecuador
49%
Pakistan
49%
Lebanon
48%
Syria
45%
Dominica
43%
Macedonia
43%
Cyprus
40%
Jordan
40%
Montenegro
40%
Vietnam
39%
Bangladesh
37%
Fiji
37%
Philippines
36%
Sri Lanka
36%
El Salvador
30%
Western Samoa
28%
St. Kitts and Nevis
25%
Grenada
24%

Score Distribution

Percentile by Number Answered

Percent of People with Each Score

Your Score History

You have not taken this quiz